Представление документа в формате MARC21

Поле Инд. ПП Название Значение
Тип записи a
Библиографический уровень b
001 Контрольный номер a5ebdc4f776140fe9c433ca64281fa5c
005 Дата корректировки 20240115103828.9
024 80 a Стандартный номер 10.52531/1682-1696-2023-23-3-84-90
040 a Служба первич. каталог. РИНЦ
b Код языка каталог. rus
041 0_ a Код языка текста rus
097 a Садовникова Л.В.
100 1_ a Автор Шамаева Е. Ф.
c Титул (звания) доцент (ученое звание); кандидат технических наук; доцент (должность); и.о. заместителя заведующего кафедрой геоинформационных систем и технологий
i 100089614
g Прочие сведения Scopus Author ID: 57196119253 (https://www.scopus.com/authid/detail.uri?authorId=57196119253)
k Кафедра геоинформационных систем и технологий; Институт системного анализа и управления
q Полное имя Шамаева Екатерина Федоровна
u Дополнение Шамаева Е. Ф.
245 10 a Заглавие Методологические аспекты построения эколого-социо - экономической модели оценки динамики развития регионов
773 18 t Название источника Вестник РАЕН
b Сведения об издании Российская академия естественных наук
c Москва
d Место и дата издания 2023
m Специф. данные журнал из перечня ВАК; ненулевой импакт-фактор
o Прочие индексы РИНЦ 0.255
x ISSN 1682-1696
g Прочая информация Т. 23. - № 3. - С. 84 - 90
w Контрольный № источника 0bed862d53314912b50eea19a11311b9
856 40 u URL https://elibrary.ru/item.asp?id=54521314
901 t Тип документа b
952 c Вид литературы статья в журнале